| 000 | 00923nam a2200253 i 4500 | ||
|---|---|---|---|
| 001 | 183632 | ||
| 003 | ES-MaACL | ||
| 005 | 20251004063225.0 | ||
| 008 | 140910s2013 sp af |||| |dspa d | ||
| 020 | _a8461658191 | ||
| 080 | _a759.07 | ||
| 100 | 1 |
_aGeffré, Lucie, _d1976- _9155442 |
|
| 245 | 1 | 0 |
_aLucie Geffré _b: portraits 2003-2013 : Casa de Velázquez, Académie de France à Madrid. |
| 250 |
_a1ª ed. _bsept. 2013. |
||
| 260 |
_a[Madrid : _bCasa de Velázquez], _c2013 ( _fInd. Gráf. Interco) |
||
| 300 |
_a90 p. : _bprincipalmente il. col. ; _c28 cm. |
||
| 600 | 1 | 7 |
_aGeffré, Lucie, _d1976- _2 _9155442 |
| 650 | 4 |
_aPintura de retrato- _yS.XX- _vExposiciones. _916032 |
|
| 655 | 7 |
_2tgfbne _9193628 _aCatálogos de exposiciones |
|
| 710 | 2 |
_aCasa de Velázquez. _92477 |
|
| 852 |
_aES-MaACL _jA-13236 _9190578 _bR.150013 _cDEPO1 _dOlim: N-6236 |
||
| 942 |
_2udc _cMONOGRAFIA |
||
| 999 |
_c183632 _d183632 |
||